Essay writing : for academic purposes

Saved in:
Bibliographic Details
Main Author: Σιβρίδου, Φωτεινή
Format: Book
Language:English
Published: Αθήνα : Interbooks, 1994
Subjects:
Tags: Add Tag
No Tags, Be the first to tag this record!

MARC

LEADER 00000cam a2200000 i 4500
001 1/36981
008 131008s1994 eng d
035 |l 10115751 
040 |a GR-MY-UA  |b gre  |e aacr 
041 0 |a eng 
082 0 |a 808.066378  |2 (22) 
100 1 |a Σιβρίδου, Φωτεινή. 
245 1 0 |a Essay writing :  |b for academic purposes /  |c Fotini Sivridou 
260 |a Αθήνα :   |b Interbooks,   |c 1994 
300 |a 195 σ.;  |c 24 εκ. 
650 0 0 |a English language  |x Writing. 
650 0 0 |a Essay. 
650 0 0 |a English language  |x Study and teaching (Higher)  |x Foreign speakers. 
852 |a INST  |b SAMOS  |c EUDOXUS  |e 20131008  |h 808.066378 ΣΥΒ  |p 005300040565  |q 005300040565  |t EDX  |y 0 
901 |a BIBL3-2013-3 
901 |a BIBL2-2001-2 
909 |a Σ  |b 178775 
909 |a Χ  |b 083853 
920 |a ΔΙΑΤΜΗΜΑΤΙΚΟ "ΣΧΕΔΙΑΣΜΟΣ, ΔΙΟΙΚΗΣΗ ΚΑΙ ΠΟΛΙΤΙΚΗ ΤΟΥ ΤΟΥΡΙΣΜΟΥ"  |y Χίος  |z 2001-08 
920 |a ΕΥΔΟΞΟΣ  |b ΠΑΡΑΓΓΕΛΙΑ-ΤΣΧΑΜ  |y ΣΑΜΟΣ  |z 2013-05 
970 |a ΣΑΛΑΜΟΥΡΑ  |b ΜΑΡΙΑ  |z 2001/08/24